Diagnóstico diferencial de las cardiopatías congénitas (Record no. 139373)
[ view plain ]
| 000 -LEADER | |
|---|---|
| campo de control de longitud fija | 01085nam a2200241 i 4500 |
| 001 - NÚMERO DE CONTROL | |
| campo de control | 139373 |
| 003 - IDENTIFICADOR DE NÚMERO DE CONTROL | |
| campo de control | ES-MaACL |
| 005 - FECHA Y HORA DE LA ÚLTIMA TRANSACCIÓN | |
| campo de control | 20230906195803.0 |
| 007 - CAMPO FIJO DE DESCRIPCIÓN FÍSICA--INFORMACIÓN GENERAL | |
| campo de control de longitud fija | t| |
| 008 - DATOS DE LONGITUD FIJA--INFORMACIÓN GENERAL | |
| campo de control de longitud fija | 070214s1965 sp r ||||1| spa d |
| 100 1# - ENTRADA PRINCIPAL--NOMBRE DE PERSONA | |
| Nombre de persona | Schad, Nicolaus. |
| 9 (RLIN) | 104171 |
| 245 10 - MENCIÓN DEL TÍTULO | |
| Título | Diagnóstico diferencial de las cardiopatías congénitas |
| Resto del título | : sinopsis de la radiología, el electrocardiograma y el fonocardiograma / |
| Mención de responsabilidad, etc. | por Dr. Nicolaus Schad, Dr. Ralph Künzler, Dr. Teoman Onat... ; con la colaboración de la Dra. Hildegard Schad... ; prefacios de los profesores Dr. Ettore Rossi..., Dr. Rolf Glauner... ; [traducción de la edición alemana por A. Martínez-Muñoz]. |
| 260 ## - PUBLICACIÓN, DISTRIBUCIÓN, ETC. | |
| Lugar de publicación, distribución, etc. | Barcelona [etc.] : |
| Nombre del editor, distribuidor, etc. | Labor, |
| Fecha de publicación, distribución, etc. | 1965. |
| 300 ## - DESCRIPCIÓN FÍSICA | |
| Extensión | 452 p. : |
| Otras características físicas | il. ; |
| Dimensiones | 29 cm. |
| 650 #4 - PUNTO DE ACCESO ADICIONAL DE MATERIA--TÉRMINO DE MATERIA | |
| Término de materia o nombre geográfico como elemento de entrada | Corazón- |
| Subdivisión general | Diagnóstico de las enfermedades. |
| 9 (RLIN) | 157262 |
| 700 1# - ENTRADA AGREGADA--NOMBRE PERSONAL | |
| Nombre de persona | Kuenzler, Ralph. |
| 9 (RLIN) | 68964 |
| 700 1# - ENTRADA AGREGADA--NOMBRE PERSONAL | |
| Nombre de persona | Onat, Teoman. |
| 9 (RLIN) | 87054 |
| 700 1# - ENTRADA AGREGADA--NOMBRE PERSONAL | |
| Nombre de persona | Rossi, Ettore. |
| 9 (RLIN) | 99868 |
| 700 1# - ENTRADA AGREGADA--NOMBRE PERSONAL | |
| Nombre de persona | Glauner, Rolf. |
| 9 (RLIN) | 57416 |
| 700 1# - ENTRADA AGREGADA--NOMBRE PERSONAL | |
| Nombre de persona | Martínez-Muñoz, A. |
| 9 (RLIN) | 78267 |
| 700 1# - ENTRADA AGREGADA--NOMBRE PERSONAL | |
| Nombre de persona | Schad, Hildegard. |
| 9 (RLIN) | 104170 |
| 852 ## - LOCALIZACIÓN | |
| Ubicación | ES-MaACL |
| Número de control de estantería | C-27561 |
| Sublocalización o colección | R.58017 |
| Estatus retirado | Estado de pérdida | Estado de daño | No para préstamo | Biblioteca de origen | Biblioteca actual | Ubicación en estantería | Fecha de adquisición | Fuente de adquisición | Total de préstamos | Signatura topográfica completa | Código de barras | Visto por última vez | Precio de reemplazo | Tipo de ítem Koha |
|---|---|---|---|---|---|---|---|---|---|---|---|---|---|---|
| Biblioteca del Ateneo de Madrid | Biblioteca del Ateneo de Madrid | Depósito 2 | 17/01/2008 | C-27561 | 1145039 | 23/02/2023 | 23/02/2023 | Libro impreso |
